01156nam a2200193Ia 4500001001100000003001000011008004100021040002500062041001300087100002200100245006800122250001100190260007600201300001200277500026400289501011400553520026400667650003100931L922-41707IT-CnALBA170116s9999||||xx |||||||||||||| ||und|| aIT-CnALBAcIT-CnALBA aITALIANO aRIZZARDI GIUSEPPE 0aL. MASSIGNON (1883-1962). PROFILO DELL'ORIENTALISTA CATTOLICO.  a1a ed. aMILANObGLOSSA EDIZIONI c1996 [1° Ed.:1996 - Ed.Ling.Originale: 1996] a178 p.  aPREFAZIONE. INTRODUZIONE. BIOGRAFIA. LA FRANCIA ALLA VIGILIA DEL SECOLO XX. FRANCIA E NORD AFRICA. IL RINNOVAMENTO DELLA SCIENZA NEI SECOLI XIX XX. LE DUE ANIME. IL CORPUS LETTERARIO. ... E LA CIVILTÀ ISLAMICA. ... E LE SOCIETÀ ISLAMICHE. E LA SPIRITUALIT aSocietà San Paolo EM - Piazza San Paolo, 14 - 12051 ALBA (CN) (non commercial uses only) ® Copyright 2017 aPREFAZIONE. INTRODUZIONE. BIOGRAFIA. LA FRANCIA ALLA VIGILIA DEL SECOLO XX. FRANCIA E NORD AFRICA. IL RINNOVAMENTO DELLA SCIENZA NEI SECOLI XIX XX. LE DUE ANIME. IL CORPUS LETTERARIO. ... E LA CIVILTÀ ISLAMICA. ... E LE SOCIETÀ ISLAMICHE. E LA SPIRITUALIT aBIOGRAFIE, UOMINI ILLUSTRI